00469nam a2200121Ia 4500008004100000100002400041245012900065245005900194260000900253300001000262650001300272856006200285170221s9999 xx 000 0 und d aDempsey, Stephen J. aCore Earnings Uncertainty, Dividend Change Announcements and the Reduction of Covariance Component Risks (pages 1075–1120) cStephen J. Dempsey, David M. Harrison and Hainan Sheng c2014 a3 : 3 xBusiness uhttp://onlinelibrary.wiley.com/doi/10.1111/jbfa.12129/pdf